Certified Technician Program Training Manual for Hot Mix Asphalt (Construction) - Revised 2004 (Record no. 604844)

000 -LEADER
fixed length control field 00369nam a2200133Ia 4500
008 - FIXED-LENGTH DATA ELEMENTS--GENERAL INFORMATION
fixed length control field 231017s9999 xx 000 0 und d
082 ## - DEWEY DECIMAL CLASSIFICATION NUMBER
Classification number 625.84
082 ## - DEWEY DECIMAL CLASSIFICATION NUMBER
Author Mark CER
245 #0 - TITLE STATEMENT
Title Certified Technician Program Training Manual for Hot Mix Asphalt (Construction) - Revised 2004
245 #0 - TITLE STATEMENT
Statement of responsibility, etc. Indiana Dept Tn
260 ## - PUBLICATION, DISTRIBUTION, ETC.
Name of publisher, distributor, etc. Indiana Dept Tn
300 ## - PHYSICAL DESCRIPTION
Dimensions 30cm
942 ## - ADDED ENTRY ELEMENTS (KOHA)
Koha item type Report
Holdings
Withdrawn status Lost status Damaged status Not for loan Permanent Location Current Location Date acquired Total Checkouts Full call number Barcode Date last seen Price effective from Koha item type
        School of Civil and Environmental Engineering (SCEE) School of Civil and Environmental Engineering (SCEE) 10/17/2023   625.84 CER NIT-3258 10/17/2023 10/17/2023 Report
© 2023 Central Library, National University of Sciences and Technology. All Rights Reserved.